Statistics for Game Consoles

Click here to take the quiz!

General Stats

  • This quiz has been taken 21 times
  • The average score is 15 of 35

Answer Stats

Answer% Correct
PS
89%
PS2
89%
PS4
89%
Xbox 360
89%
Nintendo Switch
83%
PS3
83%
PS5
78%
Xbox One
78%
PSVita
61%
Nintendo Game Boy
56%
Sega
56%
Nintendo 64
50%
Nintendo Wii
50%
Atari
44%
Nintendo Gamecube
44%
Nintendo WII U
44%
Xbox series x
44%
Sega Genesis
39%
Atari 400
28%
Atari 5200
28%
Atari Jaguar
28%
DreamCast
28%
Nintendo Game Boy advanced
28%
Atari Lynx
22%
Nintendo family computer
22%
Xbox one x
22%
Nintendo Super Famicon
17%
Sega Genesis Nomad
17%
Xbox one S
17%
Atari 800 XL
11%
Nintendo enterainement
11%
Xbox microsoft
11%
Atari 700 Prototype
6%
Pong TeleGames
6%
Sega 16-BIT
6%

Score Distribution

Percentile by Number Answered

Percent of People with Each Score

Your Score History

You have not taken this quiz